El Subsistema azucarero en Panamá /

সংরক্ষণ করুন:
গ্রন্থ-পঞ্জীর বিবরন
সংস্থা লেখক: INIES, CRIES Equipo de investigación del Centro de Estudios y Acción Social de Panamá
বিন্যাস: পাঠ‍্য
প্রকাশিত: Managua: CRIES
ট্যাগগুলো: ট্যাগ যুক্ত করুন
কোনো ট্যাগ নেই, প্রথমজন হিসাবে ট্যাগ করুন!

MARC

LEADER 00000 a a2200000 04500
001 20951
003
040
090 |a 089900  
110 |a INIES  
245 |a El Subsistema azucarero en Panamá /  |c INIES  
260 |a Managua:   |b CRIES  
300 |a 62 p.  
710 |a CRIES   |a Equipo de investigación del Centro de Estudios y Acción Social de Panamá  
999 |c 12830  |d 12830